[Event "Orlova op 7th"]
[Site "Orlova"]
[Date "2010.05.23"]
[Round "3"]
[White "Rydzewski, Pawel"]
[Black "Chmielarz, Filip"]
[Result "1-0"]
[WhiteElo "1733"]
[BlackElo "1000"]
[PlyCount "25"]
[EventDate "2010.05.22"]
[EventType "swiss"]
[EventRounds "7"]
[EventCountry "CZE"]
[SourceTitle "EXT 2012"]
[Source "ChessBase"]
[SourceDate "2011.11.24"]
[SourceVersion "1"]
[SourceVersionDate "2011.11.24"]
[SourceQuality "1"]

1. d4 d5 2. c4 dxc4 3. e4 Bd7 4. Bxc4 Qc8 5. Nc3 Bg4 6. f3 Bd7 7. Nge2 Nf6 8. 0-0 e6 9. Be3 Bb4 10. Qb3 Bxc3 11. bxc3 0-0 12. Rab1 Nc6 13. Qa3 1-0